Top 50 biggest cities in Trinidad and Tobago - Statistics

General Stats
  • This quiz has been taken 3 times
  • The average score is 8 of 50
Answer Stats
Hint Answer % Correct
C Chaguanas
100%
POS Port of Spain
100%
SF San Fernando
100%
A Arima
67%
C Couva
67%
P Penal
67%
PF Point Fortin
67%
S Siparia
67%
D Debe
33%
DM Diego Martin
33%
F Fyzabad
33%
G Gasparillo
33%
SG Sangre Grande
33%
SJ San Juan
33%
B Bayshore
0%
B Belmont
0%
CS Cacandee Settlement
0%
C Canaan
0%
CB Claxton Bay
0%
C Cocorite
0%
CR Corbeaux Town
0%
C Cumberbatch
0%
EDR East Dry River
0%
E Enterprise
0%
F Felicity
0%
F Freeport
0%
G Glencoe
0%
G Gonzales
0%
GH Green Hill
0%
JJ Jermingham Junction
0%
LB La Basse
0%
L Lambeau
0%
MS Malabar Settlement
0%
M Maturita
0%
MR Mon Repos
0%
M Mucurapo
0%
P Palmiste
0%
PH Patience Hill
0%
P Pleasentville
0%
PT Princes Town
0%
SJ Saint James
0%
S Scarborough
0%
SC St. Claire
0%
SJ St. Joseph
0%
ST St. Thomas
0%
T Tunapuna
0%
U Union
0%
V Valencia
0%
V Victoria
0%
W Woodbrook
0%
No matching quizzes found
Score Distribution
Percent of People with Each Score
Percentile by Number Answered
Your Score History
You have not taken this quiz